| 000 | 01379nam a2200349Ia 4500 | ||
|---|---|---|---|
| 001 | ebr10271709 | ||
| 003 | CaPaEBR | ||
| 006 | m u | ||
| 007 | cr cn||||||||| | ||
| 008 | 060920s2006 enka fsb 001 0 eng d | ||
| 010 | _z 2006298561 | ||
| 020 | _z019927150X (hbk.) | ||
| 040 |
_aCaPaEBR _cCaPaEBR |
||
| 035 | _a(OCoLC)252680052 | ||
| 050 | 1 | 4 |
_aJF1351 _b.B48 2006eb |
| 100 | 1 | _aBesley, Timothy. | |
| 245 | 1 | 0 |
_aPrincipled agents? _h[electronic resource] : _bthe political economy of good government / _cTimothy Besley. |
| 260 |
_aOxford ; _aNew York : _bOxford University Press, _c2006. |
||
| 300 |
_axi, 266 p. : _bill. |
||
| 490 | 1 | _aThe Lindahl lectures | |
| 504 | _aIncludes bibliographical references (p. 234-247) and index. | ||
| 533 |
_aElectronic reproduction. _bPalo Alto, Calif. : _cebrary, _d2011. _nAvailable via World Wide Web. _nAccess may be limited to ebrary affiliated libraries. |
||
| 650 | 0 | _aPublic administration. | |
| 650 | 0 | _aGovernment productivity. | |
| 650 | 0 |
_aAgent (Philosophy) _xPolitical aspects. |
|
| 650 | 0 |
_aMotivation (Psychology) _xPolitical aspects. |
|
| 650 | 0 | _aPolicy sciences. | |
| 655 | 7 |
_aElectronic books. _2local |
|
| 710 | 2 | _aebrary, Inc. | |
| 830 | 0 | _aLindahl lectures. | |
| 856 | 4 | 0 |
_uhttp://site.ebrary.com/lib/rucke/Doc?id=10271709 _zAn electronic book accessible through the World Wide Web; click to view |
| 999 |
_c7560 _d7560 |
||